<?xml version="1.0" encoding="UTF-8"?>
<collection xmlns="http://www.loc.gov/MARC21/slim">
 <record>
  <leader>00757pam a22002538a 4500</leader>
  <controlfield tag="001">00040666</controlfield>
  <controlfield tag="005">20190326100321.0</controlfield>
  <controlfield tag="008">161209s2014                  ||||||Chisd</controlfield>
  <datafield tag="020" ind1="#" ind2="#">
   <subfield code="a">978 604 74 3196 0</subfield>
   <subfield code="c">68000</subfield>
  </datafield>
  <datafield tag="041" ind1="0" ind2="#">
   <subfield code="a">Vie</subfield>
  </datafield>
  <datafield tag="082" ind1="1" ind2="4">
   <subfield code="a">649</subfield>
   <subfield code="b">CH301S</subfield>
  </datafield>
  <datafield tag="100" ind1="1" ind2="#">
   <subfield code="a">John , Blase</subfield>
  </datafield>
  <datafield tag="245" ind1="1" ind2="0">
   <subfield code="a">Chia sẽ kinh nghiệm làm cha</subfield>
   <subfield code="c">John Blase; Thế Anh</subfield>
  </datafield>
  <datafield tag="260" ind1="#" ind2="#">
   <subfield code="b">Thanh hóa</subfield>
   <subfield code="c">2017</subfield>
   <subfield code="a">Thanh hóa</subfield>
  </datafield>
  <datafield tag="300" ind1="#" ind2="#">
   <subfield code="a">190tr.</subfield>
   <subfield code="c">21 cm.</subfield>
  </datafield>
  <datafield tag="653" ind1="#" ind2="#">
   <subfield code="a">Cha</subfield>
  </datafield>
  <datafield tag="653" ind1="#" ind2="#">
   <subfield code="a">Phương pháp</subfield>
  </datafield>
  <datafield tag="653" ind1="#" ind2="#">
   <subfield code="a">Nuôi dạy trẻ</subfield>
  </datafield>
  <datafield tag="653" ind1="#" ind2="#">
   <subfield code="a">Gia đình</subfield>
  </datafield>
  <datafield tag="653" ind1="#" ind2="#">
   <subfield code="a">Kinh nghiệp</subfield>
  </datafield>
  <datafield tag="700" ind1="1" ind2="#">
   <subfield code="a">Thế Anh</subfield>
  </datafield>
  <datafield tag="852" ind1="#" ind2="#">
   <subfield code="j">KD.0022897</subfield>
  </datafield>
  <datafield tag="910" ind1="#" ind2="#">
   <subfield code="d">28/12/2017</subfield>
   <subfield code="f">26/03/2019</subfield>
   <subfield code="e">ltkchi</subfield>
  </datafield>
  <datafield tag="980" ind1="#" ind2="#">
   <subfield code="a">Trung tâm Học liệu Lê Vũ Hùng, Trường Đại học Đồng Tháp</subfield>
  </datafield>
 </record>
</collection>
